=LDR 00000nam 2200000 4500 =001 INLIS000000000014450 =005 20130612105729 =008 ***********************************Ind** =035 ##$$0010-061300000014450 =041 ##$$a Ind =082 ##$$a 650 =090 ##$$a 650, Sie s =100 ##$$a Siegel, Joel G =245 ##$$a Seri bisnis barron, Megatur keuangan = financcial management, Joel G Siegel Jae K. Shim =260 ##$$a 2003 $b Jakarta =300 ##$$a ix, 394 hlm, 25 cm =650 ##$$a Bisnis =700 ##$$a Jae K. Shim =850 ##$$a NBPNMAT